000 00386nam a2200121Ia 4500
008 170224s9999 xx 000 0 und d
245 _aDo needs for security and certainty predict cultural and economic conservatism? A cross-national analysis.
260 _bJournal of Personality and Social Psychology
260 _c2014
300 _a106:6
500 _aJune
650 _xPsychology.
999 _c316451
_d316451